<?xml version="1.0" encoding="UTF-8"?>
<marc:record xmlns:marc="http://www.loc.gov/MARC21/slim">
   <marc:leader>00000nam a2200000 a 4500</marc:leader>
   <marc:datafield ind1="1" ind2=" " tag="100">
      <marc:subfield code="a">Öhlenbach, Melanie</marc:subfield>
      <marc:subfield code="4">aut</marc:subfield>
      <marc:subfield code="e">Verfasser/-in</marc:subfield>
   </marc:datafield>
   <marc:datafield ind1="0" ind2="0" tag="245">
      <marc:subfield code="a">Pflückbar</marc:subfield>
   </marc:datafield>
   <marc:datafield ind1="0" ind2="0" tag="245">
      <marc:subfield code="b">Balkonobst &amp; Topfgemüse : mit Musterkästen zum Nachpflanzen &amp; Naschen</marc:subfield>
   </marc:datafield>
   <marc:datafield ind1="0" ind2="0" tag="245">
      <marc:subfield code="c">Melanie Öhlenbach</marc:subfield>
   </marc:datafield>
   <marc:datafield ind1=" " ind2="1" tag="264">
      <marc:subfield code="a">Stuttgart</marc:subfield>
      <marc:subfield code="b">Kosmos</marc:subfield>
      <marc:subfield code="c">2023</marc:subfield>
   </marc:datafield>
   <marc:datafield ind1="1" ind2=" " tag="520">
      <marc:subfield code="a">Angaben aus der Verlagsmeldung

Pflückbar : Topfgemüse &amp; Balkonobst / von Melanie Öhlenbach

Gemüse und Obst anbauen ohne Garten – geht das? Klar! Melanie Öhlenbach macht es seit Jahren, ganz ökologisch und nachhaltig, auf ihrem 6-qm-Stadtbalkon. Mini-Gurken und Pflücksalat, Erdbeeren, Kräuter und viele weitere gesunde Leckereien eignen sich als einfache Kulturen für Balkon und Terrasse. Sie zeigt, was es beim Gärtnern in Töpfen, Kübeln und Kisten zu beachten gibt, und hat dabei auch immer Plastikfreiheit und Artenvielfalt im Blick.

KOSMOS – konsequent nachhaltig.
Produziert nach dem zertifizierten Cradle-to-Cradle-Prinzip.
</marc:subfield>
   </marc:datafield>
   <marc:datafield ind1=" " ind2=" " tag="020">
      <marc:subfield code="a">9783440173824</marc:subfield>
      <marc:subfield code="9">9783440173824</marc:subfield>
   </marc:datafield>
   <marc:datafield ind1=" " ind2=" " tag="041">
      <marc:subfield code="a">ger</marc:subfield>
   </marc:datafield>
   <marc:datafield ind1=" " ind2=" " tag="300">
      <marc:subfield code="a">140 Seiten</marc:subfield>
   </marc:datafield>
</marc:record>
